000 00598nam a2200205Ii 4500
003 JO-AjNU
008 230605s9999||||xx |||||||||||||| ||und||
040 _aJO-AjNU
_bara
_erda
_cJO-AjNU
041 _aara
050 1 4 _aPN6095 1990
100 3 _aأحمد، عبد الرحيم ذيبان,
_eauthor
_916940
245 0 0 _aأقباس أدبية
250 _aط1
264 3 1 _aبغداد: دار الأنبار، 1990
300 _a64ص
336 _atext
_btxt
_2rdacontent
337 _aunmediated
_bn
_2rdamedia
338 _avolume
_bnc
_2rdacarrier
650 4 _aالأدب - أقباس
_916941
999 _aA5130
_c8698
_d8698